Statistics for Facts about Puerto Rico

Click here to take the quiz!

General Stats

  • This quiz has been taken 382 times
    (311 since last reset)
  • The average score is 15 of 25

Answer Stats

HintAnswer% Correct
CapitalSan Juan
93%
Secondary languageEnglish
92%
Main languageSpanish
92%
Territory of the____United States
86%
The puerto rican flag is similar to the flag of which countryCuba
83%
Colonized by ________(country)Spain
82%
Indians that inhabited the islandTaínos
80%
Rainforest in the islandEl Yunque
74%
National AnimalCoquí
73%
Number of towns78
68%
Culebra
65%
City islandsVieques
65%
What the indians thought the spaniards whereGods
63%
Current GovernorRicardo Rossello
62%
Columbus came here in his_________tripSecond
62%
Main PartiesNew Progressive Party
56%
Main PartiesPopular Democratic Party
51%
National AnthemLa Borinqueña
50%
Main PartiesPuerto Rican Independance Party
48%
First Governor elected by the peopleLuis Muñoz Marín
46%
The indians believed in many gods, hence they werePolytheist
42%
National FlowerMaga Flower
25%
Wrestling companyWorld Wrestling Council
18%
Tourism sayingPuerto Rico does it better
11%
National BirdSpindalis
7%

Score Distribution

Percentile by Number Answered

Percent of People with Each Score

Your Score History

You have not taken this quiz since the last reset